=LDR 00000nam 2200000 4500 =001 INLIS000000000022899 =005 20130612121617 =008 ***********************************Ind** =035 ##$$a0010-061300000022899 =041 ##$$a Ind =082 ##$$a 669.1 =090 ##$$a 669.1, Lov-t =100 ##$$a Love, George =245 ##$$a Teori dan praktek kerja logam, George Love , Alih Bahasa ; Harun A.R =260 ##$$a 1986 $b Jakarta =300 ##$$a 239 hlm., ilus., 28 cm =650 ##$$a Logam-teori dan praktek =850 ##$$a NBPNMAT =990 ##$$a 21194998/BPAP-NTB/2014